| 000 | 00000nam##2200000za#4500 |
| 001 | 9.662223 |
| 003 | CaOODSP |
| 005 | 20210615120436 |
| 007 | ta |
| 008 | 150407|2000||||xxc||||| f|0| 0 eng|d |
| 020 | |a0-662-65798-5 |
| 040 | |aCaOODSP|beng |
| 041 | |aeng |
| 041 | |afre |
| 043 | |an-cn--- |
| 086 | 1 |aA22-216/2000 |
| 110 | 1 |aCanada.|bAgriculture and Agri-Food Canada. |bStrategic Policy Branch. |
| 245 | 10|aIncome inequality in Canada : |bfarm versus non-farm families, 1985 to 1995 |
| 260 | |aOttawa - Ontario : |bAgriculture and Agri-Food Canada. |c2000. |
| 300 | |aEnglish text, xii, 51p. : |bfigs., tables ; |c28 cm. |
| 500 | |aN.B.: Incorrect catalogue number (A22-216/2000E) and ISBN (0-662-29460-2) printed on this publication. |
| 504 | |aBibliography. |
| 546 | |aBilingual |
| 563 | |aSpiral binding |
| 590 | |a01-16|b2001-04-20 |
| 690 | 07|aHousehold income|2gcpds |
| 690 | 07|aFarming|2gcpds |
| 776 | 0#|tL'inégalité de revenu au Canada : |w(CaOODSP)9.637698 |
| 776 | 0#|tIncome inequality in Canada : |w(CaOODSP)9.693520 |
| 792 | |tL'inégalité de revenu au Canada : |efre|w(CaOODSP)9.662224 |
| 986 | |aPublication No. 2062/E; Project No. 99127wp |